Вып. 10 (21): Краны, крановые механизмы и штабелеукладчики; Труды Всесоюзного научно-исследовательского института подъемно-транспортного машиностроения (ВНИИПТМАШ)

Dades bibliogràfiques
Parent link:Труды Всесоюзного научно-исследовательского института подъемно-транспортного машиностроения (ВНИИПТМАШ): [сборник]/ Всесоюзный научно-исследовательский институт подъемно-транспортного машиностроения (ВНИИПТМАШ). Вып. 10 (21) : Краны, крановые механизмы и штабелеукладчики.— , 1960-
Idioma:rus
Publicat: 1961
Matèries:
Format: MixedMaterials Llibre
KOHA link:https://koha.lib.tpu.ru/cgi-bin/koha/opac-detail.pl?biblionumber=323851

MARC

LEADER 00000nam2a2200000 4500
001 323851
005 20231102003617.0
035 |a (RuTPU)RU\TPU\book\349438 
035 |a RU\TPU\book\342024 
090 |a 323851 
100 |a 20160324d1961 k y0rusy50 ca 
101 0 |a rus 
102 |a RU 
105 |a a z 001zy 
200 0 |a Вып. 10 (21): Краны, крановые механизмы и штабелеукладчики 
210 |d 1961 
215 |a 114 с.  |c ил. 
320 |a Библиогр. в конце ст. 
461 1 |0 (RuTPU)RU\TPU\book\164893  |t Труды Всесоюзного научно-исследовательского института подъемно-транспортного машиностроения (ВНИИПТМАШ)  |o [сборник]  |f Всесоюзный научно-исследовательский институт подъемно-транспортного машиностроения (ВНИИПТМАШ)  |v Вып. 10 (21) : Краны, крановые механизмы и штабелеукладчики  |d 1960-  
606 1 |a Подъемно-транспортное машиностроение  |2 stltpush  |3 (RuTPU)RU\TPU\subj\49808  |9 68572 
610 1 |a краны 
610 1 |a крановые механизмы 
610 1 |a штабелеукладчики 
610 1 |a схемы 
610 1 |a конструкции 
610 1 |a плавучие краны 
610 1 |a грузы 
675 |a 621.86  |v 4 
801 1 |a RU  |b 63413507  |c 20161028 
801 2 |a RU  |b 63413507  |c 20200130  |g RCR 
942 |c BK